000 00709nam a2200289Ia 4500
005 20260324143047.0
008 008 260324s9999 xx 000 0 eng d
020 _a9780429352638
037 _aEBOOK
040 _aCRL
040 _beng
040 _cCRL
041 _2eng
041 _aeng
084 _qCRL
100 _aSuzanne McMahon; Miriam Palm; Pam Dunn
_9999589
245 0 _aIf We Build It
245 0 _bScholarly Communications and Networking Technologies
260 _bTaylor and Francis
260 _c1993
365 _a
365 _b205
856 _uhttp://www.taylorfrancis.com/books/9780429352638
942 _cEBOOK
999 _c1819197
_d1819197